000 00642nam a22002053a 4500
005 20240316063859.0
008 010531s1997 mx fr 000 0 spa d
020 _a9681654358
035 _aUPN01000116544
049 _aI
050 4 _aPZ24.9
_bF7.38
100 1 _aFrench, Vivian
245 1 0 _aCapitana Jennifer Aguamala Jones /
_cil. de Damián Ortega ; tr. de María Teresa Solana.
260 _aMéxico :
_bFCE,
_c1997
300 _a47 p. :
_bil.
440 0 _aA la orilla del viento.
_pPara los que empiezan a leer ;
_v88
650 2 _aCuentos de aventuras
_99134
650 0 _aCuentos infantiles franceses
_98588
905 _aInfantil
999 _c89281
_d89281